<?xml version="1.0" encoding="UTF-8"?><?xml-stylesheet type="text/xsl" href="static/style.xsl"?><OAI-PMH xmlns="http://www.openarchives.org/OAI/2.0/" xmlns:xsi="http://www.w3.org/2001/XMLSchema-instance" xsi:schemaLocation="http://www.openarchives.org/OAI/2.0/ http://www.openarchives.org/OAI/2.0/OAI-PMH.xsd"><responseDate>2026-04-14T02:18:14Z</responseDate><request verb="GetRecord" identifier="oai:www.recercat.cat:2117/104705" metadataPrefix="marc">https://recercat.cat/oai/request</request><GetRecord><record><header><identifier>oai:recercat.cat:2117/104705</identifier><datestamp>2025-07-22T17:38:09Z</datestamp><setSpec>com_2072_1033</setSpec><setSpec>col_2072_452951</setSpec></header><metadata><record xmlns="http://www.loc.gov/MARC21/slim" xmlns:dcterms="http://purl.org/dc/terms/" xmlns:xsi="http://www.w3.org/2001/XMLSchema-instance" xmlns:doc="http://www.lyncode.com/xoai" xsi:schemaLocation="http://www.loc.gov/MARC21/slim http://www.loc.gov/standards/marcxml/schema/MARC21slim.xsd">
   <leader>00925njm 22002777a 4500</leader>
   <datafield ind2=" " ind1=" " tag="042">
      <subfield code="a">dc</subfield>
   </datafield>
   <datafield ind2=" " ind1=" " tag="720">
      <subfield code="a">Delicado Alcántara, Luis</subfield>
      <subfield code="e">author</subfield>
   </datafield>
   <datafield ind2=" " ind1=" " tag="260">
      <subfield code="c">2016-06</subfield>
   </datafield>
   <datafield ind2=" " ind1=" " tag="520">
      <subfield code="a">Con el incremento del desarrollo de herramientas para la descripción&#xd;
de procesos, Object Management Group (OMG) desarrollo Business&#xd;
Process Model and Notation para describir procesos de negocio y&#xd;
así poderlos implementar más fácilmente y estandarizar el formato de&#xd;
descripción de procesos de negocio. Antes de que apareciese esta notación,&#xd;
y también actualmente, la descripción de los procesos se hacían&#xd;
básicamente mediante textos, normalmente con una serie de instrucciones,&#xd;
los cuales no eran entendibles para los ordenadores.&#xd;
Teniendo en mente estas dos formas de describir un proceso de negocio,&#xd;
nace este proyecto, en el que se ha creado una herramienta para&#xd;
poder convertir de uno a otro los dos tipos de descripción de una manera&#xd;
automática y validar la creación de éstos. En el proyecto se han&#xd;
desarrollado una serie de herramientas para trabajar con las descripciones&#xd;
de los procesos de negocios para posteriormente integrarlas en&#xd;
una interfaz web la cual facilite el uso de éstas y renderice los resultados&#xd;
de una manera fácil de entender.</subfield>
   </datafield>
   <datafield ind2=" " ind1=" " tag="520">
      <subfield code="a">With the increasing development of tools for process description,&#xd;
Object Management Group (OMG) develops Business Process Model&#xd;
and Notation for describe business processes and implement them easily&#xd;
and standardizes the description format of business processes. Before&#xd;
this notation appeared, and also nowadays, the process description&#xd;
is done basically with texts, usually with instructions, which are&#xd;
not understandable for computers.&#xd;
This project was born following the idea of two describing process&#xd;
formats, whose objective is develop a tool to convert between both&#xd;
formats automatically and validate user descriptions. In this project&#xd;
it has been developed some tools to work with this business processes&#xd;
descriptions, and integrate them in a web interface to help the user to&#xd;
use and render the results in a easily understandable way.</subfield>
   </datafield>
   <datafield tag="653" ind2=" " ind1=" ">
      <subfield code="a">Àrees temàtiques de la UPC::Informàtica</subfield>
   </datafield>
   <datafield tag="653" ind2=" " ind1=" ">
      <subfield code="a">Natural language processing (Computer science)</subfield>
   </datafield>
   <datafield tag="653" ind2=" " ind1=" ">
      <subfield code="a">BPMN</subfield>
   </datafield>
   <datafield tag="653" ind2=" " ind1=" ">
      <subfield code="a">negoci</subfield>
   </datafield>
   <datafield tag="653" ind2=" " ind1=" ">
      <subfield code="a">interfície</subfield>
   </datafield>
   <datafield tag="653" ind2=" " ind1=" ">
      <subfield code="a">business</subfield>
   </datafield>
   <datafield tag="653" ind2=" " ind1=" ">
      <subfield code="a">interface</subfield>
   </datafield>
   <datafield tag="653" ind2=" " ind1=" ">
      <subfield code="a">notation</subfield>
   </datafield>
   <datafield tag="653" ind2=" " ind1=" ">
      <subfield code="a">Tractament del llenguatge natural (Informàtica)</subfield>
   </datafield>
   <datafield ind2="0" ind1="0" tag="245">
      <subfield code="a">Integration, rendering and extension of tools for the synergy between natural language text and process models</subfield>
   </datafield>
</record></metadata></record></GetRecord></OAI-PMH>